00236nam a2200097Ia 4500008004100000100001600041245003500057260002200092942000700114999001700121190216s9999||||xx |||||||||||||| ||und|| aVeeramani R 0aGanitha Visleshana Thathwangal bKerala Basha Inst cBK c39980d39980